000 00639nam a2200205Ia 4500
001 14910
003 GE_BSU
008 181216s||||||||xx |||||||||||||| ||und||
040 _cGE_BSU
080 _a530(076.1)(075.8)
100 _aБудак,Б.М. Самарский,А.А. Тихонов, А.Н.
245 _aСборник задач по математической физике
245 _cРед.И.Е.Морозова
260 _aМосква
260 _bНаука
260 _c1972
300 _a688стр.22см.
653 _aСборник задач по математической физике
942 _cBK
999 _c48030
_d48030